[Event "Outaouais-ch B"]
[Site "Gatineau CAN"]
[Date "2007.05.22"]
[Round "5"]
[White "Charland, Roger"]
[Black "Maisonneuve, Paul"]
[Result "1/2-1/2"]
[WhiteElo "1528"]
[BlackElo "1453"]
[PlyCount "115"]
[GameId "2160767910693028"]
[EventDate "2007.04.24"]
[EventType "swiss"]
[EventRounds "6"]
[EventCountry "CAN"]
[SourceTitle "EXT 2022"]
[Source "ChessBase"]
[SourceDate "2021.10.06"]
[SourceVersion "1"]
[SourceVersionDate "2021.10.06"]
[SourceQuality "1"]

1. e4 d6 2. d4 Nf6 3. Nc3 g6 4. Nf3 Bg7 5. Bc4 Bg4 6. h3 Bxf3 7. Qxf3 O-O 8. O-O Nc6 9. Be3 e5 10. dxe5 Nxe5 11. Qe2 Nxc4 12. Qxc4 a6 13. a4 Re8 14. Bg5 h6 15. Bh4 g5 16. Bg3 Nh5 17. Ra3 Qd7 18. Bh2 Rac8 19. Rb3 Bxc3 20. Qxc3 Rxe4 21. Qf3 Rh4 22. g4 Ng7 23. Bg3 Rxh3 24. Kg2 Rxg3+ 25. fxg3 b6 26. Re3 Rf8 27. b3 b5 28. Rh1 f5 29. Rxh6 fxg4 30. Rh8+ Kxh8 31. Qxf8+ Kh7 32. Re7 Qc6+ 33. Kg1 Qc3 34. Qf5+ Kh6 35. Qd3 Qc5+ 36. Kg2 Qc6+ 37. Qe4 Qc3 38. Rf7 Qd2+ 39. Rf2 Qc3 40. Qxg4 Qe5 41. Re2 Qd5+ 42. Qf3 Qc5 43. g4 Qd4 44. Kf1 Qd1+ 45. Kf2 Qd4+ 46. Qe3 Qxg4 47. Ke1 Qh4+ 48. Kd2 Qb4+ 49. Kd1 Qa3 50. Rh2+ Kg6 51. Qe4+ Kf7 52. Rf2+ Kg8 53. Qg6 Qa1+ 54. Ke2 Qe5+ 55. Kf1 Qd5 56. Kg1 Qd1+ 57. Rf1 Qg4+ 58. Kh2 1/2-1/2

[Event "Outaouais-ch B"]
[Site "Gatineau CAN"]
[Date "2007.05.22"]
[Round "5"]
[White "Dupont, Claude"]
[Black "Kennedy, Phillip"]
[Result "1-0"]
[WhiteElo "1430"]
[BlackElo "1351"]
[PlyCount "123"]
[GameId "2160767910693029"]
[EventDate "2007.04.24"]
[EventType "swiss"]
[EventRounds "6"]
[EventCountry "CAN"]

1. e4 c5 2. Nf3 e6 3. d4 cxd4 4. Nxd4 Nf6 5. Bd3 Nc6 6. c3 Bc5 7. Be3 Nxd4 8. Bxd4 Bxd4 9. cxd4 d6 10. b3 e5 11. d5 O-O 12. O-O Bd7 13. h3 Rc8 14. Nd2 Kh8 15. Nc4 Qe7 16. a4 b6 17. b4 Nxe4 18. Qb3 Rxc4 19. Qxc4 Nd2 20. Qc7 Nxf1 21. Kxf1 e4 22. Bb5 Qe5 23. Rd1 Bxb5+ 24. axb5 Qe8 25. Qxd6 Qxb5+ 26. Kg1 Kg8 27. Qe7 Re8 28. Qxa7 Qxb4 29. Qd7 Qe7 30. Qc6 e3 31. Qxb6 e2 32. Re1 Qe5 33. Qb5 g6 34. Qd3 Qe4 35. Qxe4 Rxe4 36. f3 Re7 37. Kf2 Kf8 38. Rxe2 Rxe2+ 39. Kxe2 Ke7 40. Ke3 Kd6 41. Kd4 f6 42. h4 f5 43. g4 fxg4 44. fxg4 h5 45. g5 Ke7 46. Ke5 Kd7 47. d6 Kd8 48. Kf6 Kd7 49. Kxg6 Kxd6 50. Kxh5 Ke7 51. Kh6 Kf8 52. Kh7 Kf7 53. h5 Kf8 54. g6 Ke7 55. g7 Kf6 56. g8=Q Kf5 57. Qg6+ Ke5 58. Kg7 Kf4 59. Qe6 Kg5 60. h6 Kh5 61. Qf5+ Kh4 62. h7 1-0

[Event "Outaouais-ch B"]
[Site "Gatineau CAN"]
[Date "2007.05.22"]
[Round "5"]
[White "Forget, David"]
[Black "Dallaire, Dominic"]
[Result "1-0"]
[WhiteElo "1871"]
[BlackElo "1872"]
[PlyCount "47"]
[GameId "2160767910693030"]
[EventDate "2007.04.24"]
[EventType "swiss"]
[EventRounds "6"]
[EventCountry "CAN"]
[SourceTitle "EXT 2022"]
[Source "ChessBase"]
[SourceDate "2021.10.06"]
[SourceVersion "1"]
[SourceVersionDate "2021.10.06"]
[SourceQuality "1"]

1. d4 Nf6 2. c4 g6 3. Nc3 Bg7 4. e4 d6 5. Nf3 O-O 6. Be2 c5 7. d5 Na6 8. O-O Nc7 9. h3 Bd7 10. Be3 a6 11. a4 Rb8 12. Qc2 b5 13. cxb5 axb5 14. b3 b4 15. Na2 Nfxd5 16. exd5 Bxa1 17. Rxa1 Nxd5 18. Bh6 Re8 19. Rd1 Nf6 20. Bc4 Qc8 21. Ng5 Be6 22. Nxe6 fxe6 23. Re1 Kf7 24. Bxe6+ 1-0

[Event "Outaouais-ch B"]
[Site "Gatineau CAN"]
[Date "2007.05.22"]
[Round "5"]
[White "Groleau, Gilles"]
[Black "Danilov, Alex"]
[Result "0-1"]
[WhiteElo "1930"]
[BlackElo "1919"]
[PlyCount "72"]
[GameId "2160767910693031"]
[EventDate "2007.04.24"]
[EventType "swiss"]
[EventRounds "6"]
[EventCountry "CAN"]
[SourceTitle "EXT 2022"]
[Source "ChessBase"]
[SourceDate "2021.10.06"]
[SourceVersion "1"]
[SourceVersionDate "2021.10.06"]
[SourceQuality "1"]

1. e4 c5 2. Nc3 e6 3. f4 Nc6 4. Nf3 g6 5. Bb5 Bg7 6. Bxc6 bxc6 7. d3 Ne7 8. O-O O-O 9. e5 Nd5 10. Na4 Qe7 11. c4 Nb6 12. Be3 Nxa4 13. Qxa4 Re8 14. Rf2 a5 15. Rd1 Bb7 16. Nd2 f6 17. Ne4 fxe5 18. Bxc5 Qh4 19. g3 Qh5 20. Nd6 exf4 21. Nxb7 fxg3 22. hxg3 Rab8 23. Nd6 Qxc5 24. Nxe8 Bd4 25. Nf6+ Bxf6 26. Kg2 Bd4 27. Re2 Rb4 28. Qc2 Rxb2 29. Qxb2 Bxb2 30. Rxb2 Qd4 31. Rdd2 Kg7 32. Rb3 h5 33. Ra3 Qg4 34. Kf2 Qd4+ 35. Kg2 d5 36. cxd5 Qb4 0-1

[Event "Outaouais-ch B"]
[Site "Gatineau CAN"]
[Date "2007.05.22"]
[Round "5"]
[White "Jiang, Qizhe"]
[Black "Sunatori, Evelyne"]
[Result "0-1"]
[WhiteElo "940"]
[BlackElo "1095"]
[PlyCount "50"]
[GameId "2160767910693032"]
[EventDate "2007.04.24"]
[EventType "swiss"]
[EventRounds "6"]
[EventCountry "CAN"]
[SourceTitle "EXT 2022"]
[Source "ChessBase"]
[SourceDate "2021.10.06"]
[SourceVersion "1"]
[SourceVersionDate "2021.10.06"]
[SourceQuality "1"]

1. e4 e5 2. Nf3 Nc6 3. Nc3 Nf6 4. d3 Bc5 5. h3 O-O 6. a3 h6 7. Be2 d6 8. Bd2 Be6 9. Qc1 Kh7 10. Be3 Bxe3 11. Qxe3 d5 12. d4 exd4 13. Nxd4 Nxd4 14. Qxd4 dxe4 15. Qxd8 Raxd8 16. O-O Rd2 17. Bd1 Rfd8 18. Re1 Bf5 19. Re2 Rxe2 20. Bxe2 Rd2 21. Rc1 c6 22. Bg4 Bxg4 23. hxg4 Nxg4 24. Nxe4 Re2 25. f3 Ne3 0-1

[Event "Outaouais-ch B"]
[Site "Gatineau CAN"]
[Date "2007.05.22"]
[Round "5"]
[White "Libersan, Mattieu"]
[Black "Guimond, Michel"]
[Result "0-1"]
[WhiteElo "1895"]
[BlackElo "1817"]
[PlyCount "122"]
[GameId "2160767910693033"]
[EventDate "2007.04.24"]
[EventType "swiss"]
[EventRounds "6"]
[EventCountry "CAN"]
[SourceTitle "EXT 2022"]
[Source "ChessBase"]
[SourceDate "2021.10.06"]
[SourceVersion "1"]
[SourceVersionDate "2021.10.06"]
[SourceQuality "1"]

1. e4 e6 2. d4 d5 3. Nc3 Bb4 4. e5 c5 5. a3 Bxc3+ 6. bxc3 Ne7 7. Nf3 Nbc6 8. Bd3 Qa5 9. Bd2 c4 10. Be2 Bd7 11. O-O O-O-O 12. Qb1 h6 13. Qb2 g5 14. Rfb1 b6 15. Qb5 Qxb5 16. Rxb5 g4 17. Ne1 Nxd4 18. Rb2 Nxe2+ 19. Kf1 Nxc3 20. Bxc3 Nc6 21. Rd1 Be8 22. Bd4 Nxd4 23. Rxd4 h5 24. c3 Ba4 25. Nc2 Bxc2 26. Rxc2 Rh6 27. Rcd2 f6 28. Re2 fxe5 29. Rxe5 Rf8 30. Rg5 Rhf6 31. Rd2 Rf5 32. Rg7 R8f7 33. Rg6 Kd7 34. Re2 e5 35. Rd2 e4 36. Re2 e3 37. Rxe3 Rxf2+ 38. Ke1 Rxg2 39. Rg5 Rxh2 40. Rxd5+ Kc6 41. Rg5 Rd7 42. Re6+ Rd6 43. Ree5 Rh6 44. Rg7 a6 45. Rgg5 b5 46. Rc5+ Kb6 47. a4 Re6+ 48. Kf1 Rd6 49. Ke1 h4 50. axb5 g3 51. Rxc4 g2 52. Kf2 h3 53. bxa6 Rf6+ 54. Ke3 Rh1 55. Rcg4 Kxa6 56. Kd3 Rd1+ 57. Kc4 h2 58. Rxg2 h1=Q 59. Ra2+ Kb7 60. Rg7+ Kb6 61. Rb2+ Kc6 0-1

[Event "Outaouais-ch B"]
[Site "Gatineau CAN"]
[Date "2007.05.22"]
[Round "5"]
[White "Pilon, Robert"]
[Black "Desjardins, Michel"]
[Result "0-1"]
[WhiteElo "1583"]
[BlackElo "1880"]
[PlyCount "96"]
[GameId "2160767910693034"]
[EventDate "2007.04.24"]
[EventType "swiss"]
[EventRounds "6"]
[EventCountry "CAN"]
[SourceTitle "EXT 2022"]
[Source "ChessBase"]
[SourceDate "2021.10.06"]
[SourceVersion "1"]
[SourceVersionDate "2021.10.06"]
[SourceQuality "1"]

1. Nf3 d5 2. b3 Bf5 3. e3 Nf6 4. Bb2 e6 5. Nh4 Bg6 6. Be2 Bd6 7. d3 Nbd7 8. Nd2 e5 9. c4 c6 10. g4 Nc5 11. Qc2 dxc4 12. Nxc4 Qe7 13. e4 Ne6 14. Nxe5 Bb4+ 15. Bc3 Bxc3+ 16. Qxc3 Nxe4 17. Nhxg6 Nxc3 18. Nxe7 Kxe7 19. Rc1 Nxa2 20. Rc4 a5 21. Kd2 Nb4 22. Ra1 f6 23. Nf3 Rhd8 24. Re4 Kf7 25. d4 Nc7 26. Bc4+ Ncd5 27. Bxd5+ Nxd5 28. Kd3 Re8 29. Nd2 b6 30. Rc1 Rxe4 31. Nxe4 Ke7 32. Ng3 Kd7 33. Nf5 g6 34. Ng3 Re8 35. Ne2 Kd6 36. h4 Nb4+ 37. Kd2 Re4 38. f3 Re8 39. Rg1 Nd5 40. f4 Re3 41. Rg3 Rxg3 42. Nxg3 Nxf4 43. Ne4+ Ke6 44. g5 Nd5 45. gxf6 Nxf6 46. Ng5+ Kd5 47. Kd3 b5 48. Kc3 Ne4+ 0-1

[Event "Outaouais-ch B"]
[Site "Gatineau CAN"]
[Date "2007.05.22"]
[Round "5"]
[White "Toulouse, Raphael"]
[Black "Levesque, Andre"]
[Result "0-1"]
[WhiteElo "1252"]
[BlackElo "1414"]
[PlyCount "32"]
[GameId "2160767910693035"]
[EventDate "2007.04.24"]
[EventType "swiss"]
[EventRounds "6"]
[EventCountry "CAN"]
[SourceTitle "EXT 2022"]
[Source "ChessBase"]
[SourceDate "2021.10.06"]
[SourceVersion "1"]
[SourceVersionDate "2021.10.06"]
[SourceQuality "1"]

1. d4 f5 2. Nf3 e6 3. e3 Nf6 4. Bd3 d6 5. Nbd2 d5 6. Ne5 Be7 7. Ndf3 O-O 8. Ng5 Ne4 9. Ngf7 Rxf7 10. Nxf7 Kxf7 11. Qh5+ Kg8 12. O-O Bd7 13. f3 Be8 14. Qh3 Ng5 15. Qg3 Bd6 16. Qh4 Nxf3+ 0-1

[Event "Outaouais-ch B"]
[Site "Gatineau CAN"]
[Date "2007.05.26"]
[Round "6"]
[White "Berthiaume, Patrick"]
[Black "Toulouse, Raphael"]
[Result "0-1"]
[WhiteElo "1041"]
[BlackElo "1252"]
[PlyCount "45"]
[GameId "2160767910693036"]
[EventDate "2007.04.24"]
[EventType "swiss"]
[EventRounds "6"]
[EventCountry "CAN"]
[SourceTitle "EXT 2022"]
[Source "ChessBase"]
[SourceDate "2021.10.06"]
[SourceVersion "1"]
[SourceVersionDate "2021.10.06"]
[SourceQuality "1"]

1. e4 e6 2. Nc3 d5 3. exd5 exd5 4. d4 Nc6 5. Nf3 Bb4 6. Bd2 Bg4 7. a3 Ba5 8. b4 Bb6 9. Be3 Bxd4 10. Bxd4 Bxf3 11. Qxf3 Nxd4 12. Qd3 Qe7+ 13. Be2 Nxe2 14. Nxe2 Nf6 15. O-O O-O-O 16. Rfe1 Rhe8 17. h3 Qd6 18. Nc3 c5 19. Rxe8 Rxe8 20. b5 d4 21. Ne2 Re4 22. f3 Re3 23. Qd2 0-1

[Event "Outaouais-ch B"]
[Site "Gatineau CAN"]
[Date "2007.05.26"]
[Round "6"]
[White "Blouin, Francois"]
[Black "Dupont, Claude"]
[Result "0-1"]
[WhiteElo "1533"]
[BlackElo "1430"]
[PlyCount "98"]
[GameId "2160767910693038"]
[EventDate "2007.04.24"]
[EventType "swiss"]
[EventRounds "6"]
[EventCountry "CAN"]
[SourceTitle "EXT 2022"]
[Source "ChessBase"]
[SourceDate "2021.10.06"]
[SourceVersion "1"]
[SourceVersionDate "2021.10.06"]
[SourceQuality "1"]

1. e4 c5 2. Nc3 d6 3. d3 Nf6 4. g3 Nc6 5. Bg2 e6 6. h3 Be7 7. Nge2 Bd7 8. O-O O-O 9. Kh2 a6 10. f4 e5 11. f5 b5 12. Ng1 Nd4 13. Nce2 Nxe2 14. Qxe2 h6 15. Be3 Kh7 16. g4 Rh8 17. Rf3 Kg8 18. Qd2 Nh7 19. Raf1 Ng5 20. Rg3 Rb8 21. Nf3 Nxf3+ 22. Bxf3 Bh4 23. Rg2 Be7 24. Rfg1 f6 25. Kg3 Be8 26. Kf2 Bf7 27. h4 d5 28. Qc1 dxe4 29. Bxe4 Bd5 30. g5 hxg5 31. hxg5 Bxe4 32. dxe4 fxg5 33. Bxg5 Bxg5 34. Qd1 Qxd1 35. Rxd1 Bf6 36. Rd6 Kf7 37. Rd7+ Be7 38. Ra7 Ra8 39. Rb7 Rhd8 40. Ke2 c4 41. Rg6 Rd4 42. Re6 Rxe4+ 43. Kf3 Rf4+ 44. Ke3 Re8 45. Rxe5 Rh4 46. Ra7 Rh6 47. Ke4 Kf8 48. Kf3 Bf6 49. Rc5 Bd4 0-1

[Event "Outaouais-ch B"]
[Site "Gatineau CAN"]
[Date "2007.05.26"]
[Round "6"]
[White "Danilov, Alex"]
[Black "Desjardins, Michel"]
[Result "1/2-1/2"]
[WhiteElo "1919"]
[BlackElo "1880"]
[PlyCount "155"]
[GameId "2160767910693039"]
[EventDate "2007.04.24"]
[EventType "swiss"]
[EventRounds "6"]
[EventCountry "CAN"]
[SourceTitle "EXT 2022"]
[Source "ChessBase"]
[SourceDate "2021.10.06"]
[SourceVersion "1"]
[SourceVersionDate "2021.10.06"]
[SourceQuality "1"]

1. d4 d5 2. Bf4 Bf5 3. c3 e6 4. Nf3 Bd6 5. e3 Bxf4 6. exf4 Qd6 7. g3 Nf6 8. Bg2 O-O 9. O-O c5 10. Nbd2 cxd4 11. Nxd4 Bd3 12. Re1 Nc6 13. Qf3 Bg6 14. Nxc6 bxc6 15. c4 Qb4 16. Qc3 Qxc3 17. bxc3 Rac8 18. c5 Nd7 19. Nb3 Rc7 20. Bf1 Bc2 21. Nd4 Ba4 22. Bh3 Nxc5 23. f5 exf5 24. Bxf5 Nb7 25. Rab1 Nd6 26. Bd3 c5 27. Nb5 Bxb5 28. Bxb5 Ne4 29. Re3 Nd6 30. Re5 Rb8 31. Rxd5 Ne8 32. Re1 Nf6 33. Rd2 Kf8 34. h4 Re7 35. Rxe7 Kxe7 36. c4 Rd8 37. Re2+ Kd6 38. Kf1 Ng4 39. f4 f5 40. Ke1 g6 41. Kd2 Nf6 42. Kc2 Rb8 43. Rd2+ Kc7 44. Rd3 Rb6 45. Ra3 Kb7 46. Re3 Ne4 47. Be8 Ra6 48. a3 Nd6 49. Bb5 Nxb5 50. cxb5 Ra5 51. Re7+ Kb6 52. Rxh7 Rxa3 53. g4 Rf3 54. gxf5 gxf5 55. h5 Rxf4 56. Rf7 Kxb5 57. Rxa7 Rh4 58. Rh7 Kc4 59. h6 Rh2+ 60. Kd1 Kd3 61. Rd7+ Ke3 62. Rd5 Rxh6 63. Rxf5 Kd3 64. Rf3+ Kd4 65. Rf4+ Kc3 66. Rf3+ Kb4 67. Kc2 Rh2+ 68. Kc1 c4 69. Rg3 c3 70. Rg8 Rh5 71. Rb8+ Rb5 72. Rxb5+ Kxb5 73. Kc2 Kc4 74. Kc1 Kb3 75. Kb1 Kb4 76. Kc2 Kc4 77. Kc1 Kd3 78. Kd1 1/2-1/2

[Event "Outaouais-ch B"]
[Site "Gatineau CAN"]
[Date "2007.05.26"]
[Round "6"]
[White "Guimond, Michel"]
[Black "Forget, David"]
[Result "0-1"]
[WhiteElo "1817"]
[BlackElo "1871"]
[PlyCount "48"]
[GameId "2160767910693040"]
[EventDate "2007.04.24"]
[EventType "swiss"]
[EventRounds "6"]
[EventCountry "CAN"]
[SourceTitle "EXT 2022"]
[Source "ChessBase"]
[SourceDate "2021.10.06"]
[SourceVersion "1"]
[SourceVersionDate "2021.10.06"]
[SourceQuality "1"]

1. e4 e6 2. d4 d5 3. Nc3 Bb4 4. e5 c5 5. a3 Bxc3+ 6. bxc3 Ne7 7. Nf3 Nbc6 8. Bb5 O-O 9. O-O Bd7 10. Bd3 f6 11. exf6 Rxf6 12. Bg5 Rf7 13. Nh4 Qc7 14. Qh5 g6 15. Qh6 cxd4 16. f4 dxc3 17. f5 Nxf5 18. Bxf5 exf5 19. Rae1 Ne5 20. h3 Bb5 21. Bf4 Re7 22. Rf2 Rae8 23. Bxe5 Rxe5 24. Rxe5 Qxe5 0-1

[Event "Outaouais-ch B"]
[Site "Gatineau CAN"]
[Date "2007.05.26"]
[Round "6"]
[White "Kennedy, Phillip"]
[Black "Arsenault, Yves"]
[Result "1-0"]
[WhiteElo "1351"]
[BlackElo "1458"]
[PlyCount "101"]
[GameId "2160767910693042"]
[EventDate "2007.04.24"]
[EventType "swiss"]
[EventRounds "6"]
[EventCountry "CAN"]

1. Nf3 d5 2. c4 c6 3. g3 Nf6 4. d4 Bf5 5. Bg2 e6 6. c5 b6 7. b4 Nbd7 8. O-O Be7 9. Nc3 Ne4 10. Nxe4 Bxe4 11. Bf4 h5 12. Qd2 Bxf3 13. Bxf3 g5 14. Be5 Nxe5 15. dxe5 g4 16. Bg2 Rb8 17. h4 gxh3 18. Bxh3 bxc5 19. bxc5 Bxc5 20. e3 Rg8 21. Qc2 Rb5 22. a4 Ra5 23. Qc3 Qc7 24. Kh2 Bb6 25. f4 c5 26. Qc2 Rh8 27. Rab1 c4 28. Rfe1 Ke7 29. Rb5 Rxb5 30. axb5 Qc5 31. f5 Qxb5 32. fxe6 fxe6 33. Rf1 Rh6 34. Qf2 Qe8 35. Qf4 Rg6 36. Qh4+ Kd7 37. Qxh5 Bxe3 38. Qh7+ Kc6 39. Rf7 Rg8 40. Rc7+ Kb5 41. Rb7+ Ka6 42. Re7 Qb8 43. Rxe6+ Ka5 44. Qc2 Qb4 45. Qa2+ Qa4 46. Ra6+ Kxa6 47. Qxa4+ Kb6 48. e6 Bc5 49. Qd7 d4 50. e7 c3 51. Qe6+ 1-0

[Event "Outaouais-ch B"]
[Site "Gatineau CAN"]
[Date "2007.05.26"]
[Round "6"]
[White "Levesque, Andre"]
[Black "Libersan, Mattieu"]
[Result "0-1"]
[WhiteElo "1414"]
[BlackElo "1895"]
[PlyCount "100"]
[GameId "2160767910693043"]
[EventDate "2007.04.24"]
[EventType "swiss"]
[EventRounds "6"]
[EventCountry "CAN"]
[SourceTitle "EXT 2022"]
[Source "ChessBase"]
[SourceDate "2021.10.06"]
[SourceVersion "1"]
[SourceVersionDate "2021.10.06"]
[SourceQuality "1"]

1. e4 c5 2. Nc3 Nc6 3. f4 g6 4. Nf3 Bg7 5. Bc4 e6 6. O-O Nge7 7. d3 O-O 8. Qe1 d5 9. Bb3 b6 10. a3 Bb7 11. e5 Nf5 12. Ne2 h5 13. Ng3 Ncd4 14. Nxf5 Nxf5 15. Ba2 Rc8 16. c3 d4 17. cxd4 Nxd4 18. Nxd4 Qxd4+ 19. Qe3 Rcd8 20. Bb1 Ba6 21. Qxd4 Rxd4 22. Be3 Rd7 23. Bc2 Bxd3 24. Rad1 Rfd8 25. Bxd3 Rxd3 26. Rxd3 Rxd3 27. Bc1 Bf8 28. Kf2 c4 29. Ke2 Bc5 30. Rd1 Rxd1 31. Kxd1 Kf8 32. Kc2 Bd4 33. Bd2 Ke8 34. b4 b5 35. Bc3 Bxc3 36. Kxc3 Kd7 37. Kd4 Kc6 38. Ke4 Kb6 39. Kd4 a5 40. Kc3 axb4+ 41. axb4 Kc6 42. Kd4 Kd7 43. Kc3 Ke7 44. h3 h4 45. Kd4 Kf8 46. Kc3 Kg7 47. Kd4 Kh6 48. Ke3 g5 49. fxg5+ Kxg5 50. Ke4 Kg6 0-1

[Event "Outaouais-ch B"]
[Site "Gatineau CAN"]
[Date "2007.05.29"]
[Round "6"]
[White "Maisonneuve, Paul"]
[Black "Iyamuremye, Gervais"]
[Result "1-0"]
[WhiteElo "1453"]
[BlackElo "1563"]
[PlyCount "43"]
[GameId "2160767910693044"]
[EventDate "2007.04.24"]
[EventType "swiss"]
[EventRounds "6"]
[EventCountry "CAN"]
[SourceTitle "EXT 2022"]
[Source "ChessBase"]
[SourceDate "2021.10.06"]
[SourceVersion "1"]
[SourceVersionDate "2021.10.06"]
[SourceQuality "1"]

1. d4 b6 2. Bf4 Bb7 3. e3 e6 4. Nf3 h6 5. Bd3 Nf6 6. O-O Nh5 7. Be5 d6 8. Nfd2 dxe5 9. Qxh5 exd4 10. exd4 Qxd4 11. Nc4 Qd5 12. Qxd5 Bxd5 13. Ne3 Bb7 14. Nc3 Bd6 15. Rad1 O-O 16. Nb5 Rd8 17. Be2 Nc6 18. Bf3 Na5 19. Bxb7 Nxb7 20. Nxd6 Rxd6 21. Nc4 Rxd1 22. Rxd1 1-0

[Event "Pan Am intercoll."]
[Site "Miami USA"]
[Date "2007.12.27"]
[Round "1"]
[White "Srinivas, Raja"]
[Black "Ferreira, Alex"]
[Result "1-0"]
[WhiteElo "907"]
[BlackElo "2023"]
[PlyCount "91"]
[GameId "2160767910557710"]
[EventDate "2007.12.26"]
[EventType "team"]
[EventRounds "5"]
[EventCountry "CAN"]

1. e4 d5 2. exd5 Nf6 3. Nc3 Nxd5 4. Nf3 Bg4 5. d4 Nxc3 6. bxc3 e6 7. Be2 Be7 8. O-O Nd7 9. Bf4 O-O 10. Rb1 Rb8 11. Re1 h6 12. Qd2 Bd6 13. Rbd1 g5 14. Bg3 Bxg3 15. fxg3 Nf6 16. Ne5 Bxe2 17. Qxe2 Nd5 18. Qh5 Kg7 19. Ng4 Rh8 20. Rf1 f5 21. Ne5 Qe8 22. Qf3 c6 23. g4 f4 24. Qd3 Rf8 25. Rf3 Rd8 26. Re1 Rf6 27. a3 c5 28. Re2 a6 29. Ref2 b5 30. Qe4 c4 31. Rh3 Qg8 32. Rff3 Qh7 33. Qe2 Ne3 34. Rf2 Qe4 35. Rhf3 a5 36. Kh1 Rff8 37. Kg1 Qh7 38. Rh3 b4 39. axb4 axb4 40. Nc6 bxc3 41. Nxd8 Rxd8 42. Rxe3 fxe3 43. Qxe3 Rf8 44. Qe5+ Kg8 45. Qxe6+ Rf7 46. Qe8+ 1-0

[Event "Pan Am intercoll."]
[Site "Miami USA"]
[Date "2007.12.28"]
[Round "2"]
[White "Ferreira, Alex"]
[Black "Ennis, Noah"]
[Result "1-0"]
[WhiteElo "2023"]
[BlackElo "993"]
[PlyCount "57"]
[GameId "2160767910557711"]
[EventDate "2007.12.26"]
[EventType "team"]
[EventRounds "5"]
[EventCountry "CAN"]

1. e4 c5 2. Nf3 Nc6 3. d4 cxd4 4. Nxd4 e5 5. Nb5 d6 6. N1c3 a6 7. Na3 b5 8. Nd5 Bb7 9. Be3 Nf6 10. Bb6 Qc8 11. Nc7+ Ke7 12. Nxa8 Bxa8 13. f3 g5 14. Qd2 h5 15. O-O-O Ke8 16. Kb1 g4 17. c3 Qb8 18. Be3 gxf3 19. gxf3 Na5 20. Ka1 Rg8 21. Nc2 Nc4 22. Bxc4 bxc4 23. h4 Nd7 24. Nb4 Nb6 25. Qf2 Na4 26. Nxa6 Qb7 27. Nb4 d5 28. Qc2 Qb5 29. Nxd5 1-0

[Event "Pan Am intercoll."]
[Site "Miami USA"]
[Date "2007.12.28"]
[Round "3"]
[White "Mihelich, Patrick"]
[Black "Ferreira, Alex"]
[Result "1-0"]
[WhiteElo "2110"]
[BlackElo "2023"]
[PlyCount "93"]
[GameId "2160767910557712"]
[EventDate "2007.12.26"]
[EventType "team"]
[EventRounds "5"]
[EventCountry "CAN"]

1. e4 d5 2. exd5 Nf6 3. d4 Nxd5 4. Nf3 Bg4 5. Be2 e6 6. O-O Be7 7. c4 Nb6 8. Nc3 O-O 9. Be3 c6 10. Ne5 Bxe2 11. Qxe2 N8d7 12. Rfd1 Nxe5 13. dxe5 Qc7 14. f4 Rad8 15. Ne4 c5 16. b3 Nc8 17. Bf2 b6 18. Rxd8 Rxd8 19. Rd1 a6 20. Be1 Rxd1 21. Qxd1 Qd8 22. Qxd8+ Bxd8 23. Bc3 Kf8 24. g4 h6 25. Kg2 Be7 26. a4 Na7 27. Kf3 Ke8 28. f5 exf5 29. gxf5 Bf8 30. Nf2 Kd7 31. Ke4 Nc6 32. Nd3 Be7 33. Nf4 Bg5 34. e6+ fxe6 35. fxe6+ Kd6 36. Bxg7 Bxf4 37. Kxf4 Kxe6 38. Bxh6 Nd4 39. Bg7 Nxb3 40. Bc3 Nc1 41. Ke3 Kf5 42. Kd2 Na2 43. a5 b5 44. cxb5 axb5 45. a6 b4 46. Bb2 c4 47. a7 1-0

[Event "Pan Am intercoll."]
[Site "Miami USA"]
[Date "2007.12.29"]
[Round "4"]
[White "Ferreira, Alex"]
[Black "Francis-Worrell, Anthony"]
[Result "1/2-1/2"]
[WhiteElo "2023"]
[BlackElo "1721"]
[PlyCount "123"]
[GameId "2160767910557713"]
[EventDate "2007.12.26"]
[EventType "team"]
[EventRounds "5"]
[EventCountry "CAN"]

1. e4 e6 2. Nc3 c5 3. Nf3 d5 4. d4 Nf6 5. Bg5 cxd4 6. Qxd4 Nc6 7. Bb5 Be7 8. exd5 exd5 9. O-O a6 10. Bxc6+ bxc6 11. Rfe1 O-O 12. Rad1 Be6 13. Ne5 Qc7 14. Bf4 Bd6 15. Nd3 Bxf4 16. Qxf4 Qxf4 17. Nxf4 Bf5 18. f3 Bxc2 19. Rc1 Bf5 20. Na4 Rab8 21. b3 Rb4 22. g3 Rc8 23. Kf2 g5 24. Ng2 Rd4 25. Ne3 Rd2+ 26. Re2 Rxe2+ 27. Kxe2 Bd7 28. Nb6 Re8 29. Nxd7 Nxd7 30. Kd2 Ne5 31. f4 Nf3+ 32. Kd3 gxf4 33. gxf4 Re6 34. f5 Re4 35. f6 Ne5+ 36. Kd2 h6 37. Nf5 Kh7 38. Ne7 Rd4+ 39. Ke2 Re4+ 40. Kd2 Rh4 41. a4 Rxh2+ 42. Ke3 Rh3+ 43. Kd4 Ng6 44. Rxc6 Rxb3 45. Nxd5 h5 46. Rxa6 h4 47. Rc6 h3 48. Rc2 Ra3 49. Nc3 Nf4 50. Rf2 Ne6+ 51. Kc4 Kg6 52. Rf1 Nc5 53. Kb4 Rxc3 54. Kxc3 Nxa4+ 55. Kb4 Nb6 56. Rf3 h2 57. Rh3 Nd5+ 58. Kc5 Nxf6 59. Rxh2 Ng4 60. Rh8 Kg5 61. Rf8 f5 62. Rxf5+ 1/2-1/2

[Event "Pan Am intercoll."]
[Site "Miami USA"]
[Date "2007.12.29"]
[Round "4"]
[White "Howell, Shamel"]
[Black "Peng, David"]
[Result "0-1"]
[WhiteElo "2091"]
[BlackElo "2335"]
[PlyCount "92"]
[GameId "2160767910557714"]
[EventDate "2007.12.26"]
[EventType "team"]
[EventRounds "5"]
[EventCountry "CAN"]

1. e4 c5 2. Nf3 d6 3. d4 cxd4 4. Nxd4 Nf6 5. Nc3 a6 6. Bc4 e6 7. O-O Nc6 8. Nxc6 bxc6 9. Qf3 Bb7 10. Qg3 d5 11. Rd1 h5 12. e5 h4 13. Qf4 Nd7 14. Bf1 Rh5 15. Re1 Rf5 16. Qg4 d4 17. Ne2 Nxe5 18. Qxd4 Bc5 19. Qxd8+ Rxd8 20. Be3 Bxe3 21. fxe3 Rd2 22. Nd4 Rg5 23. Red1 Rxd1 24. Rxd1 c5 25. Nb3 Nf3+ 26. Kh1 h3 27. g3 c4 28. Nc1 Re5 29. b3 c3 30. a3 Rxe3 31. Bxh3 Ne1+ 32. Kg1 Nxc2 33. Kf2 Rf3+ 34. Ke2 Rf6 35. Rd3 Rh6 36. g4 Bf3+ 37. Kf2 Rxh3 38. Rxf3 Rxh2+ 39. Kg3 Rh1 40. Na2 Nd4 41. Rd3 Ne2+ 42. Kf3 Rh2 43. Rd1 e5 44. Nc1 Nd4+ 45. Ke3 f6 46. b4 c2 0-1

[Event "Pan Am intercoll."]
[Site "Miami USA"]
[Date "2007.12.29"]
[Round "5"]
[White "Peng, David"]
[Black "Zorigt, Bayaraa"]
[Result "1/2-1/2"]
[WhiteElo "2335"]
[BlackElo "2224"]
[PlyCount "72"]
[GameId "2160767910557715"]
[EventDate "2007.12.26"]
[EventType "team"]
[EventRounds "5"]
[EventCountry "CAN"]

1. c4 Nf6 2. Nc3 e6 3. Nf3 b6 4. g3 Bb7 5. Bg2 Be7 6. O-O O-O 7. d4 d5 8. Ne5 Nbd7 9. Bf4 c6 10. Qd3 Nxe5 11. Bxe5 Ba6 12. b3 Rc8 13. e4 Nd7 14. Bf4 dxc4 15. Qe2 Nb8 16. Bxb8 Rxb8 17. Rfd1 Bb4 18. Rac1 b5 19. d5 Qa5 20. Nb1 exd5 21. exd5 Rbe8 22. Qg4 Bc8 23. Qh5 g6 24. Qg5 Be7 25. Qf4 cxd5 26. Bxd5 cxb3 27. Bxb3 Qb6 28. Nc3 Be6 29. Nd5 Bxd5 30. Bxd5 Bc5 31. Rc2 Rd8 32. h4 h5 33. Rcd2 Kg7 34. Bb3 Rxd2 35. Rxd2 Qf6 36. Qxf6+ Kxf6 1/2-1/2